Dream count (Record no. 4616)

MARC details
000 -CABECERA
campo de control de longitud fija 02356cam a2200277 i 4500
001 - NÚMERO DE CONTROL
campo de control 991027142538607026
003 - IDENTIFICADOR DEL NÚMERO DE CONTROL
campo de control UkOxU
005 - FECHA Y HORA DE LA ÚLTIMA TRANSACCIÓN
campo de control 20251013143549.0
008 - DATOS DE LONGITUD FIJA--INFORMACIÓN GENERAL
campo de control de longitud fija 241108s2025 enk 000 f eng d
020 ## - NÚMERO INTERNACIONAL ESTÁNDAR DEL LIBRO
Número Internacional Estándar del Libro 9780008685737
Información calificativa hardback
020 ## - NÚMERO INTERNACIONAL ESTÁNDAR DEL LIBRO
Número Internacional Estándar del Libro 0008685738
Información calificativa hardback
020 ## - NÚMERO INTERNACIONAL ESTÁNDAR DEL LIBRO
Número Internacional Estándar del Libro 9780008685744
Información calificativa paperback
035 ## - NÚMERO DE CONTROL DEL SISTEMA
Número de control de sistema (OCoLC)1481893071
Número de control cancelado/no válido (OCoLC)1481893694
035 ## - NÚMERO DE CONTROL DEL SISTEMA
Número de control de sistema (OCoLC)on1481893071
040 ## - FUENTE DE LA CATALOGACIÓN
Centro catalogador/agencia de origen UKYRK
Lengua de catalogación eng
Normas de descripción rda
Centro/agencia transcriptor UKYRK
Centro/agencia modificador UkOxU
072 #7 - CÓDIGO DE CATEGORÍA DE MATERIA
Código de categoría de materia GNR
Fuente ukslc
100 ## - ENTRADA PRINCIPAL--NOMBRE DE PERSONA
Nombre de persona Adichie, Chimamanda Ngozi,
Fechas asociadas al nombre 1977-
Término indicativo de función/relación author.
245 10 - MENCIÓN DE TÍTULO
Título Dream count
Mención de responsabilidad, etc. / Chimamanda Ngozi Adichie.
264 #1 - PRODUCCIÓN, PUBLICACIÓN, DISTRIBUCIÓN, FABRICACIÓN Y COPYRIGHT
Producción, publicación, distribución, fabricación y copyright London :
Nombre del de productor, editor, distribuidor, fabricante 4th Estate,
Fecha de producción, publicación, distribución, fabricación o copyright 2025.
300 ## - DESCRIPCIÓN FÍSICA
Extensión 399 pages ;
Dimensiones 25 cm
520 8# - SUMARIO, ETC.
Sumario, etc. A publishing event ten years in the making—a searing, exquisite new novel by the best-selling and award-winning author of Americanah and We Should All Be Feminists—the story of four women and their loves, longings, and desires.<br/><br/>Chiamaka is a Nigerian travel writer living in America. Alone in the midst of the pandemic, she recalls her past lovers and grapples with her choices and regrets. Zikora, her best friend, is a lawyer who has been successful at everything until — betrayed and brokenhearted — she must turn to the person she thought she needed least. Omelogor, Chiamaka’s bold, outspoken cousin, is a financial powerhouse in Nigeria who begins to question how well she knows herself. And Kadiatou, Chiamaka’s housekeeper, is proudly raising her daughter in America – but faces an unthinkable hardship that threatens all she has worked to achieve.<br/><br/>In Dream Count, Adichie trains her fierce eye on these women in a sparkling, transcendent novel that takes up the very nature of love itself. Is true happiness ever attainable or is it just a fleeting state? And how honest must we be with ourselves in order to love, and to be loved? A trenchant reflection on the choices we make and those made for us, on daughters and mothers, on our interconnected world, Dream Count pulses with emotional urgency and poignant, unflinching observations on the human heart, in language that soars with beauty and power. It confirms Adichie’s status as one of the most exciting and dynamic writers on the literary landscape.
650 #0 - PUNTO DE ACCESO ADICIONAL DE MATERIA--TÉRMINO DE MATERIA
Término de materia o nombre geográfico como elemento de entrada Single mothers
Subdivisión de forma Fiction
9 (RLIN) 25097
650 #0 - PUNTO DE ACCESO ADICIONAL DE MATERIA--TÉRMINO DE MATERIA
Término de materia o nombre geográfico como elemento de entrada Single mothers
Subdivisión de forma Fiction
9 (RLIN) 25097
655 #0 - TÉRMINO DE INDIZACIÓN--GÉNERO/FORMA
Datos o término principal de género/forma Fiction
9 (RLIN) 22716
942 ## - ELEMENTOS DE ENTRADA AGREGADA (KOHA)
Fuente del sistema de clasificación o colocación Clasificación de Library of Congress
Holdings
Estado de retiro Estado de pérdida Fuente del sistema de clasificación o colocación Estado dañado No para préstamo Biblioteca de origen Biblioteca actual Fecha de adquisición Total de préstamos Signatura topográfica completa Código de barras Fecha visto por última vez Número de copia Precio válido a partir de Tipo de ítem Koha
    Clasificación de Library of Congress     TBS Barcelona TBS Barcelona 31/03/2025   P-EN NGO B07518 31/03/2025 1 31/03/2025 Book

Powered by Koha